Statistics for Least Guessed Oceanian Countries on JetPunk

Click here to take the quiz!

General Stats

  • This quiz has been taken 107 times
  • The average score is 6 of 7

Answer Stats

% GuessedCountry% Correct
75%Palau
94%
79%Tonga
92%
76%Tuvalu
92%
75%Kiribati
91%
74%Nauru
91%
77%Vanuatu
91%
79%Solomon Islands
86%

Score Distribution

Percentile by Number Answered

Percent of People with Each Score

Your Score History

You have not taken this quiz